000
00266nam a22001217a 4500
008
171123b xxu||||| |||| 00| 0 eng d
041
_a
eng
080
_a
721
100
_a
41
101
_a
NDE
245
_a
POST-FRAME BUILDING DESIGN
_c
WALKER,J.N
942
_2
udc
_c
BK
999
_c
38376
_d
38376